00713cam a22002291a 4500001001300000003000400013005001700017008004100034010001700075025002000092035002000112040002100132042001200153043001200165050003300177100001500210245010200225260006300327300002100390500001700411650005500428sa 67001671 DLC20260227112325.0841127s1964 io 000 0 ind  asa 67001671  aPL480:Indo-2912 a(OCoLC)11423028 aDLCcIUdIUdDLC apremarc ae-ne---00aLAW 1 aSimons, D.10aTerdjemahan Leerboek van het Nederlandsche strafrecht :bBab. xvii, xviii, xix /coleh D. Simons. aJogjakarta :bJajasan Badan Penerbit Gadjah Mada,c[1964?] a120 p. ;c21 cm. aCover title. 0aCriminal lawzNetherlandsxOutlines, syllabi, etc.